Double Vowel Words Quiz Stats

 Plays Quiz not verified by Sporcle

Challenge
Share
Tweet
Embed
Score 0/20 Timer 05:00
0 Plays Today
Definition Word % Correct
A winter sportskiing
81.9%
A games console from Nintendowii
81.9%
A space entirely devoid of mattervacuum
74.5%
Measurement of temperature or anglesdegree
71.3%
All these on a given circle are equal in lengthradii
58.5%
A middle eastern marketplacebazaar
57.4%
A state of the United Stateshawaii
45.7%
An Indian flatbreadnaan
42.6%
Party decorationballoon
41.5%
A double reeded woodwind instrumentbassoon
41.5%
Definition Word % Correct
Movement of an aircraft on the ground, under its own powertaxiing
35.1%
A large, nocturnal, burrowing mammalaardvark
34%
Any of various large, terrestrial monkeysbaboon
33%
An occupation involving records of money transactionsbookkeeper
33%
Different definitions in Mathematics, Psychology and Physics, most well known of which is to do with spacetimecontinuum
31.9%
More than one very clever persongenii
30.9%
Found on vehicles and machinerywheel
29.8%
A long, loose dress that hangs free from the shouldersmuumuu
26.6%
A narrow, ribbonlike strip of dried dough, usually made of flour, eggs and waternoodle
14.9%
The remainder or rest of somethingresiduum
1.1%

You're not logged in!

Compare scores with friends on all Sporcle quizzes.
OR
Log In

You Might Also Like...

Show Comments

Extras

Top Quizzes Today


Score Distribution

Your Account Isn't Verified!

In order to create a playlist on Sporcle, you need to verify the email address you used during registration. Go to your Sporcle Settings to finish the process.

Report this User

Report this user for behavior that violates our Community Guidelines.

Details: